000 00307nam a2200133Ia 4500
008 240112s1974 JULY-DEC xx 000 0 und d
041 _aeng
082 _a617.05
100 _aMOSER R.H.
245 _aARCHIVES OF SURGERY
260 _bA.M.A
_c1974 JULY-DEC
300 _a864,HB
440 _v109
999 _c1141689
_d1141689